00809cam a2200253 a 450000100060000000300080000600500170001400800390003102000210007002000220009102000220011303500190013504000270015404100080018108200260018924500680021526000390028330000250032250400410034750500970038865000210048570000180050670000310052420867BD-RjUL20211209000624.0820203s1984 flua b 001 0 eng a0124983014 (v.1) a0124983022 (v. 2) a0124983030 (v. 3) a(BD-RjUL)20929 aDLCcDLCdBD-RjULbeng aeng00a628.161219bWAT 198400aWater analysis /cedited by Roger A. Minear, Lawrence H. Keith. aOrlando :bAcademic Press,cc1984. av. :bill. ;c24 cm. aIncludes bibliographies and indexes.0 av. 1. Inorganic species, part 1 -- v. 2. Inorganic species, part 2 -- v. 3. Organic species. 0aWaterxAnalysis.1 aMinear, R. A.1 aKeith, Lawrence H.,d1938-